000 00720nam a2200217Ii 4500
003 JO-AjNU
008 230605s9999||||xx |||||||||||||| ||und||
017 _a1994/3366
020 _a977-01-37388-3
040 _aJO-AjNU
_bara
_erda
_cJO-AjNU
041 _aara
050 1 4 _aBP161.2.H33 1994
100 3 _aعثمان،حافظ,
_eauthor
_97390
245 0 0 _aالإسلام والصراعات الدينية
264 3 1 _aالقاهرة:الهيئة المصرية العامة للكتاب ،1994
300 _a271ص
336 _atext
_btxt
_2rdacontent
337 _aunmediated
_bn
_2rdamedia
338 _avolume
_bnc
_2rdacarrier
650 4 _aالديانات المقارنة- اللاهوت المسيحي
_97391
999 _aA255
_c3823
_d3823